| 000 -LEADER |
| fixed length control field |
00598nam a2200217Ia 4500 |
| 001 - CONTROL NUMBER |
| control field |
7755 |
| 003 - CONTROL NUMBER IDENTIFIER |
| control field |
GE_BSU |
| 005 - DATE AND TIME OF LATEST TRANSACTION |
| control field |
20221116112353.0 |
| 008 - FIXED-LENGTH DATA ELEMENTS--GENERAL INFORMATION |
| fixed length control field |
181216s2009en xx |||||||||||||| ||eng|| |
| 020 ## - INTERNATIONAL STANDARD BOOK NUMBER |
| International Standard Book Number |
9781420092905 x |
| 040 ## - CATALOGING SOURCE |
| Transcribing agency |
GE_BSU |
| 041 ## - LANGUAGE CODE |
| Language code of text/sound track or separate title |
eng |
| 080 ## - UNIVERSAL DECIMAL CLASSIFICATION NUMBER |
| Universal Decimal Classification number |
622.338 K-31 |
| 100 ## - MAIN ENTRY--PERSONAL NAME |
| Personal name |
Kelland,Malcolm A. |
| 9 (RLIN) |
14747 |
| 245 ## - TITLE STATEMENT |
| Title |
Production Chemicals for The oil and Indusry / |
| Statement of responsibility, etc. |
Malcolm A. Kelland |
| 264 ## - PRODUCTION, PUBLICATION, DISTRIBUTION, MANUFACTURE, AND COPYRIGHT NOTICE |
| Place of production, publication, distribution, manufacture |
Bocaraton : |
| Name of producer, publisher, distributor, manufacturer |
CRC Press, |
| Date of production, publication, distribution, manufacture, or copyright notice |
2009. |
| 300 ## - PHYSICAL DESCRIPTION |
| Extent |
437 p. ; |
| Dimensions |
2cm. |
| 653 ## - INDEX TERM--UNCONTROLLED |
| keyword |
Production Chemicals for The oil and Indusry |
| 653 ## - INDEX TERM--UNCONTROLLED |
| keyword |
ქიმია |
| 942 ## - ADDED ENTRY ELEMENTS (KOHA) |
| Koha item type |
წიგნი |
| Source of classification or shelving scheme |
|